Politicko-ekonomické súvislosti angažovanosti Čínskej ľudovej republiky v krajinách globálneho Juhu bakalárska práca

Salvato in:
Dettagli Bibliografici
Autore principale: Kytková, Radka
Ente Autore: Fakulta medzinárodných vzťahov EU. Katedra medzinárodných politických vzťahov
Altri autori: Augustín, Michael, 1991-
Natura: Libro
Lingua:slovacco
Pubblicazione: Bratislava 2025
Tags: Aggiungi Tag
Nessun Tag, puoi essere il primo ad aggiungerne!!

MARC

LEADER 00000nbm a2200000 4500
001 0309642
005 20260122124512.2
041 0 |a slo 
044 |a SK 
245 1 0 |a Politicko-ekonomické súvislosti angažovanosti Čínskej ľudovej republiky v krajinách globálneho Juhu  |b bakalárska práca  |c Radka Kytková ; školiteľ: Michael Augustín 
264 1 |a Bratislava  |c 2025 
300 |a 57 s. 
100 1 |a Kytková, Radka 
700 1 |a Augustín, Michael, 1991- 
710 2 |a Fakulta medzinárodných vzťahov EU. Katedra medzinárodných politických vzťahov